| 000 | 00489nam a2200145Ia 4500 | ||
|---|---|---|---|
| 008 | 151213s9999 xx 000 0 und d | ||
| 100 | _aআ ফ ম আব্দুর রহিম। | ||
| 245 |
_aকাব্য সমগ্র। _cআ ফ ম আব্দুর রহিম। |
||
| 260 |
_aঢাকা _bটপ এন্ড। _c2002 |
||
| 300 | _a2192 p. | ||
| 650 | _aLiterature | ||
| 650 | _aLiterature | ||
| 700 | _aআ ফ ম আব্দুর রহিম। | ||
| 999 |
_c1601 _d1601 |
||